00335 2200145 4500001002100000005001500021035002000036245003800056300000800094260004500102082000800147084001200155990001100167990001100178INLIS00000000000263420250605032637 a0010-0625000220 aEnsiklopedia Islam 1 /cABA - Far a336 aJakarta :bIchtiar Baru Van Hoeve,c2002 a200 a200 ENS a032088 a032089